Modern Japan : (Record no. 12041)

000 -LEADER
fixed length control field 00605cam a22001814a 4500
020 ## - INTERNATIONAL STANDARD BOOK NUMBER
ISBN 0813337569 (alk. paper)
040 ## - CATALOGING SOURCE
Transcribing agency DLC
082 00 - DEWEY DECIMAL CLASSIFICATION NUMBER
Classification number 952 WES 2001 A099 Or.
100 1# - MAIN ENTRY--AUTHOR NAME
Personal name Hane, Mikiso.
245 10 - TITLE STATEMENT
Title Modern Japan :
Remainder of title a historical survey /
250 ## - EDITION STATEMENT
Edition statement 3rd ed.
260 ## - PUBLICATION, DISTRIBUTION, ETC. (IMPRINT)
Place of publication Boulder, Colo. :
Name of publisher Westview Press,
Year of publication c2001.
300 ## - PHYSICAL DESCRIPTION
Number of Pages xiv, 554 p. :
Other physical details ill., maps ;
Dimensions 23 cm.
856 42 - ELECTRONIC LOCATION AND ACCESS
Uniform Resource Identifier http://www.h-net.org/review/hrev-a0d0b6-aa
856 42 - ELECTRONIC LOCATION AND ACCESS
Uniform Resource Identifier http://www.loc.gov/catdir/enhancements/fy0831/00049528-b.html
856 42 - ELECTRONIC LOCATION AND ACCESS
Uniform Resource Identifier http://www.loc.gov/catdir/enhancements/fy0831/00049528-d.html
942 ## - ADDED ENTRY ELEMENTS (KOHA)
Koha item type សៀវភៅភាសាអង់គ្លេស
952 ## - LOCATION AND ITEM INFORMATION (KOHA)
Withdrawn status [LOCAL, KOHA] 0
Holdings
Permanent Location Date acquired Koha item type Lost status Shelving location Barcode Current Location Full call number
Library Block A2017-08-09សៀវភៅភាសាអង់គ្លេស A099A15624Library Block A952 WES 2001 A099 Or.
មជ្ឈមណ្ឌលឯការនៃសាកលវិទ្យាល័យភូមិន្ទកសិកម្មចំការដូង

Powered by Koha